1810 1047 1767 1362 1677 1294 1091 1278 1072 1177 1115 1949 1021 1351 1075 1630 1342 1055 1501 1626 1073 1939 1108 1753 1012 1433 1678 1806 1395 1365 1844 1354 1672 1294 1827 1351 1842 1064 1505 1130 1748 1647 1945 1124 1610 1809 1484 1640 1573 1328 1856 1299 1969 1647 1181 1993 1339 1353 1091 1623 1968 1155 1595 1608 1730 1567 1616 1282 1229 1058 1705 1339 1690 1328 1170 1483 1382 1590 1433 1144 1133 1748 1577 1334 1959 1217 1443 1708 1249 1913 1988 1558 1033 1347 1345 1630 1202 1229 1408 BCNSPRNW ULIB Ver.6.0+V

เปลี่ยนเป็นภาษาไทย

Change to English
 แสดงรายละเอียดบรรณานุกรม
  กลับหน้าหลัก

Brief Record : Get Marc (ISO 2709) : E-mail record : QR code < ปิดหน้าต่าง
LEADER : 00000nam 2200000uu 4500
001    13399122977
003     ULIB
008    131119s2553||||th 000 0 tha d
060  4 WM274^bส875ค
100 0  สุวรา แก้วนุ้ย, กัณณพนต์ ภักดีเศรษฐกุล และทักษพล ธรรมรังสี
245 00 เคล็ด(ไม่)ลับการจัดการทำมาตรการลด ละ เลิกเหล้าในชุมชน^cโดยสุวรา แก้วนุ้ย, กัณณพนต์ ภักดีเศรษฐกุล และทักษพล ธรรมรังสี
260    กรุงเทพฯๅ:^bเดอะกราฟิโก ซิสเต็มส์,^c2553
300    55 หน้า
650  4 คนดื่มสุรา--การปรับพฤติกรรม
650  4 ผู้ติดสุรา--การปรับพฤติกรรม
700 0  กัณณพนต์ ภักดีเศรษฐกุล
700 0  ทักษพล ธรรมรังสี
710 1  ศูนย์วิจัยปัญหาสุรา
710 1  สำนักงานพัฒนานโยบายสุขภาพระหว่างประเทศ
710 1  สำนักงานกองทุนสนบัสนุนการสร้างเสริมสุขภาพ
856    http://www.thaihealth.or.th/partner/books_rec/26534
856    ^zเคล็ดไม่ลับ_การจัดทำมาตรการ_ลด_ละ_เลิกเหล้าในชุมชน.pdf (Fulltext)^uhttp://ulibm.bcnsprnw.ac.th/ULIB6//_fulltext/fulltext/13399122977/20131119101600_3481.pdf
945    ^p0^l0^i034174
945    ^p0^l0^i034175
999    ^aเกษร โพธิ์สุวรรณ
รายการนี้ยังไม่มีแท็ก
คุณยังไม่ได้ล็อกอิน คุณสามารถมีกิจกรรมร่วมกับเว็บไซต์ได้ แต่ต้องล็อกอินก่อน ::
  ล็อกอิน

รายการสื่อสารสนเทศ

ลำดับที่ ประเภท เลขเรียก/บาร์โค้ด สถานที่ สถานะ
1. วิทยาศาสตร์การแพทย์ และสุขภาพ
หนังสือสำรอง
สถานะ=หนังสือสำรอง
WM274 ส875ค ฉ.1 
  Barcode: 034174
ห้องสมุดวิทยาเขตสวรรค์ประชารักษ์
►ส่วนจัดเก็บหนังสือเก่า สปร
บนชั้น
  ขอยืม
2. วิทยาศาสตร์การแพทย์ และสุขภาพ
วิทยาศาสตร์การแพทย์ และสุขภาพ
WM274 ส875ค ฉ.2 
  Barcode: 034175
ห้องสมุดวิทยาเขตสวรรค์ประชารักษ์
►ส่วนจัดเก็บหนังสือเก่า สปร
บนชั้น
  ขอยืม

BibComment


ยังไม่เคยถูกคอมเมนท์

คอมเมนท์ทรัพยากรรายการนี้
  คอมเมนท์: เคล็ดไม่ลับการจัด..


 Copyright 2026. Bcnsprnw @Library